[Event "1st Turkish League 2017"]
[Site "Konya"]
[Date "2017.07.23"]
[Round "9"]
[White "Kucuk, Dogan"]
[Black "Erdogan, Anil Berk"]
[Result "0-1"]
[WhiteElo "2048"]
[BlackElo "2088"]
[Annotator "NA"]
[PlyCount "114"]
[EventType "team-tourn"]
[EventCountry "TUR"]
[SourceTitle "playchess.com"]
[Source "ChessBase"]
[SourceQuality "1"]
[TimeControl "5400+30"]

1. d4 {[%emt 0:00:30]} Nf6 {[%emt 0:01:00]} 2. Nf3 {[%emt 0:00:30]} c5 {[%emt 0:00:00]} 3. c4 {[%emt 0:01:30]} e6 {[%emt 0:01:00]} 4. Nc3 {[%emt 0:01:30]} cxd4 {[%emt 0:00:30]} 5. Nxd4 {[%emt 0:00:30]} d5 {[%emt 0:00:00]} 6. e3 {[%emt 0:02:30]} Be7 {[%emt 0:03:00] A32: Symmetrical English: 2 Nf3 Nf6 3 d4 cxd4 4 Nxd4 e6} (6... Nc6 7. cxd5 Nxd5 8. Nxc6 bxc6 9. Bd2 Be7 10. Qc2 O-O 11. Be2 Rb8 12. a3 Nxc3 13. Bxc3 Qb6 14. Bd3 h6 {1-0 (40) Nakamura,H (2787)-Carlsen,M (2853) chess.com INT 2016}) 7. cxd5 {[%emt 0:00:30]} Nxd5 {[%emt 0:03:30]} 8. Bb5+ {[%emt 0:01:30]} Bd7 {[%emt 0:01:30]} 9. Nxd5 {[%emt 0:04:30]} exd5 {[%emt 0:00:30]} 10. Bxd7+ {[%emt 0:15:30]} Qxd7 {[%emt 0:05:30]} 11. Bd2 {[%emt 0:01:30]} O-O {[%emt 0:08:30]} 12. O-O {[%emt 0:04:30]} Na6 $146 {[%emt 0:04:30]} ({Predecessor:} 12... Re8 13. Rc1 Bd6 14. Bc3 {0-1 (35) Roberts,D-Griffiths,B Cardiff 1994}) 13. Qf3 {[%emt 0:04:30]} Bf6 {[%emt 0:08:30]} 14. Bc3 {[%emt 0:02:30]} Nc5 {[%emt 0:04:30]} 15. Nf5 {[%emt 0:05:30]} Bxc3 {[%emt 0:04:30]} 16. bxc3 {[%emt 0:00:30]} g6 {[%emt 0:01:30]} 17. Ng3 {[%emt 0:15:30]} Rfd8 {[%emt 0:07:30]} 18. Rfd1 {[%emt 0:01:30]} Qe6 {[%emt 0:11:30]} 19. Rd4 {[%emt 0:02:30]} Rd7 {[%emt 0:09:30]} 20. Ne2 {[%emt 0:06:30]} Rad8 {[%emt 0:03:32]} 21. Rad1 $11 {[%emt 0:02:30]} Qc6 {[%emt 0:01:31]} 22. h4 {[%emt 0:04:57]} Ne4 {[%emt 0:04:50]} 23. h5 {[%emt 0:06:14]} Nxc3 {[%emt 0:05:20]} 24. Nxc3 {[%emt 0:01:01]} Qxc3 {[%emt 0:00:02]} 25. g3 {[%emt 0:04:50]} Qc6 {[%emt 0:01:54]} 26. Kg2 {[%emt 0:01:29]} g5 {[%emt 0:01:48]} 27. Qf5 {[%emt 0:02:27]} h6 {[%emt 0:00:16]} 28. Qd3 {[%emt 0:02:13]} Qe6 {[%emt 0:02:02]} 29. Qd2 {[%emt 0:00:35]} f5 {[%emt 0:02:23]} 30. f3 {[%emt 0:02:00]} Rc8 {[%emt 0:00:55]} 31. e4 {[%emt 0:00:43]} fxe4 {[%emt 0:02:27]} 32. fxe4 {[%emt 0:00:01]} Rf7 {[%emt 0:01:42]} 33. Qe2 {[%emt 0:01:50]} dxe4 {[%emt 0:00:35]} 34. Rxe4 {[%emt 0:00:47]} Qf5 {[%emt 0:00:35]} 35. Rd2 {[%emt 0:00:57]} Rcf8 {[%emt 0:00:32]} 36. Rd6 {[%emt 0:00:37]} Qf2+ {[%emt 0:00:50]} 37. Qxf2 {[%emt 0:00:30]} Rxf2+ {[%emt 0:00:00]} 38. Kh3 {[%emt 0:00:00]} R2f6 {[%emt 0:00:41]} 39. Rd7 {[%emt 0:00:30]} R6f7 {[%emt 0:00:25]} 40. Rd6 {[%emt 0:00:00]} Rf6 {[%emt 0:00:53]} 41. Rd7 {[%emt 0:00:28]} R8f7 {[%emt 0:00:00]} 42. Rd8+ {[%emt 0:00:23]} Kg7 {[%emt 0:00:00]} 43. Kg4 {[%emt 0:00:51]} Ra6 {[%emt 0:00:19]} 44. Ree8 {[%emt 0:00:06]} Ra4+ {[%emt 0:00:40]} 45. Kh3 {[%emt 0:00:04]} Rxa2 {[%emt 0:01:04]} 46. Rg8+ {[%emt 0:00:30]} Kf6 {[%emt 0:00:00]} 47. Rg6+ {[%emt 0:00:20]} Kf5 {[%emt 0:00:11]} 48. Rd1 {[%emt 0:00:05]} g4+ {[%emt 0:01:19]} 49. Rxg4 {[%emt 0:00:30]} Rh2+ {[%emt 0:00:30]} 50. Kxh2 {[%emt 0:00:30]} Kxg4 {[%emt 0:00:00]} 51. Rd4+ {[%emt 0:00:00]} Kxh5 {[%emt 0:00:00]} 52. Kh3 {[%emt 0:00:00]} Kg6 {[%emt 0:00:24]} 53. Rd6+ {[%emt 0:00:00]} Kg7 {[%emt 0:00:31]} 54. Kg4 {[%emt 0:00:20]} b5 {[%emt 0:00:30]} 55. Kh5 {[%emt 0:00:00]} Rb7 {[%emt 0:02:07]} 56. Rg6+ {[%emt 0:00:12]} Kf8 {[%emt 0:00:00]} 57. Rxh6 {[%emt 0:00:10]} b4 {[%emt 0:00:06]} 0-1

[Event "1st Turkish League 2017"]
[Site "Konya"]
[Date "2017.07.23"]
[Round "9"]
[White "Guncan, Berke"]
[Black "Gulbeyaz, Emir"]
[Result "1-0"]
[WhiteElo "2043"]
[BlackElo "1952"]
[Annotator "NA"]
[PlyCount "105"]
[EventType "team-tourn"]
[EventCountry "TUR"]
[SourceTitle "playchess.com"]
[Source "ChessBase"]
[SourceQuality "1"]
[TimeControl "5400+30"]

1. e4 {[%emt 0:00:30]} g6 {[%emt 0:02:00]} 2. d4 {[%emt 0:00:30]} Bg7 {[%emt 0:00:00]} 3. Nc3 {[%emt 0:01:30]} d6 {[%emt 0:01:00]} 4. f3 {[%emt 0:00:30]} e5 {[%emt 0:02:30]} 5. dxe5 {[%emt 0:07:30]} Bxe5 {[%emt 0:00:30]} 6. Be3 {[%emt 0:00:30]} Nc6 {[%emt 0:04:30]} 7. Bc4 {[%emt 0:03:30]} Nge7 {[%emt 0:00:30]} 8. Nge2 {[%emt 0:00:30]} O-O {[%emt 0:05:30]} 9. Qd2 {[%emt 0:02:30]} Na5 {[%emt 0:01:30]} 10. Bb3 {[%emt 0:01:30]} Nxb3 {[%emt 0:00:30]} 11. axb3 {[%emt 0:01:30]} f5 {[%emt 0:00:30]} 12. O-O-O {[%emt 0:01:30]} fxe4 $16 {[%emt 0:05:30]} 13. fxe4 {[%emt 0:05:30]} a5 {[%emt 0:07:30]} 14. Bd4 {[%emt 0:06:30]} Nc6 {[%emt 0:01:30]} 15. Bxe5 {[%emt 0:00:30]} Nxe5 {[%emt 0:00:30]} 16. Rdf1 {[%emt 0:05:30]} Kg7 {[%emt 0:08:30]} 17. Nf4 {[%emt 0:02:30]} Bd7 {[%emt 0:04:30]} 18. h4 {[%emt 0:06:30]} h5 {[%emt 0:00:30]} 19. Qd5 {[%emt 0:10:30]} Qe7 {[%emt 0:00:30]} 20. Qd4 {[%emt 0:00:30]} c6 {[%emt 0:01:30]} 21. Nd3 {[%emt 0:09:30]} Bg4 {[%emt 0:01:30]} 22. Nxe5 {[%emt 0:03:30]} Qxe5 {[%emt 0:05:30]} 23. Qb6 {[%emt 0:03:30]} Qe7 {[%emt 0:00:30]} 24. Qd4+ {[%emt 0:02:30]} Kh7 {[%emt 0:00:30]} 25. Nd1 {[%emt 0:00:30]} Qg7 {[%emt 0:10:30]} 26. Qxg7+ {[%emt 0:04:04]} Kxg7 {[%emt 0:00:30]} 27. Ne3 {[%emt 0:00:30]} Be6 {[%emt 0:00:30]} 28. Kd2 {[%emt 0:02:00]} a4 {[%emt 0:01:30]} 29. Rxf8 {[%emt 0:00:22]} Kxf8 {[%emt 0:01:30]} 30. Ra1 {[%emt 0:00:47]} b5 {[%emt 0:00:00]} 31. Ra3 {[%emt 0:00:41]} Ke7 {[%emt 0:00:00]} 32. Nd1 {[%emt 0:02:51]} Kf6 {[%emt 0:01:30]} 33. bxa4 {[%emt 0:01:25]} b4 {[%emt 0:02:30]} 34. Rf3+ {[%emt 0:02:21]} Ke5 {[%emt 0:01:30]} 35. b3 {[%emt 0:00:01]} c5 {[%emt 0:05:30]} 36. Nf2 {[%emt 0:02:00]} c4 {[%emt 0:00:30]} 37. Rg3 {[%emt 0:01:44]} Kd4 {[%emt 0:03:30]} 38. Rxg6 {[%emt 0:00:36]} cxb3 {[%emt 0:00:30]} 39. Rxe6 {[%emt 0:02:59]} b2 {[%emt 0:00:30]} 40. c3+ {[%emt 0:00:01]} bxc3+ {[%emt 0:01:30]} 41. Kc2 {[%emt 0:00:01]} Rg8 {[%emt 0:03:35]} 42. Rxd6+ {[%emt 0:00:28]} Kc4 {[%emt 0:00:30]} 43. Rc6+ {[%emt 0:01:12]} Kd4 {[%emt 0:00:17]} 44. Rd6+ {[%emt 0:01:22]} Kc4 {[%emt 0:00:18]} 45. Rd3 {[%emt 0:01:47]} Kb4 {[%emt 0:05:16]} 46. g3 {[%emt 0:02:15]} Rf8 {[%emt 0:01:09]} 47. Nd1 {[%emt 0:00:18]} Rf1 {[%emt 0:01:16]} 48. Nxc3 {[%emt 0:00:31]} Rf2+ {[%emt 0:00:33]} 49. Rd2 {[%emt 0:00:56]} Rf3 {[%emt 0:00:21]} 50. Kxb2 {[%emt 0:00:15]} Rxg3 {[%emt 0:00:11]} 51. e5 {[%emt 0:00:23]} Kc4 {[%emt 0:00:53]} 52. e6 {[%emt 0:00:17]} Rg7 {[%emt 0:01:03]} 53. Re2 {[%emt 0:00:11]} 1-0

[Event "1st Turkish League 2017"]
[Site "Konya"]
[Date "2017.07.23"]
[Round "9"]
[White "Karacan, Can Berk"]
[Black "Eldemir, Goksu"]
[Result "0-1"]
[WhiteElo "2009"]
[BlackElo "1862"]
[Annotator "NA"]
[PlyCount "50"]
[EventType "team-tourn"]
[EventCountry "TUR"]
[SourceTitle "playchess.com"]
[Source "ChessBase"]
[SourceQuality "1"]
[TimeControl "5400+30"]

1. e4 {[%emt 0:00:30]} c5 {[%emt 0:01:00]} 2. Nf3 {[%emt 0:00:00]} d6 {[%emt 0:00:30]} 3. d4 {[%emt 0:00:00]} cxd4 {[%emt 0:00:30]} 4. Nxd4 {[%emt 0:00:00]} Nf6 {[%emt 0:00:30]} 5. Nc3 {[%emt 0:00:00]} a6 {[%emt 0:00:30] LiveBook: 60561 Games} 6. Be3 {[%emt 0:03:30]} e6 {[%emt 0:00:30]} 7. Be2 {[%emt 0:01:30]} Nbd7 {[%emt 0:02:30]} 8. O-O {[%emt 0:00:30]} b5 {[%emt 0:00:30]} 9. f4 {[%emt 0:20:30] B84: Sicilian Scheveningen: 6 Be2 a6, lines without early Be3} (9. a3 Bb7 10. Bd3 Be7 11. Qf3 O-O 12. Qg3 Nc5 13. Bh6 Ne8 14. Bd2 Rc8 15. Rad1 Qc7 16. Rfe1 Nxd3 17. cxd3 Kh8 {0-1 (71) Sevian,S (2556)-Huschenbeth,N (2541) Las Vegas 2015}) 9... b4 $146 {[%emt 0:14:30]} ({Predecessor:} 9... Bb7 10. Bf3 b4 11. e5 Bxf3 12. Qxf3 bxc3 13. exf6 Nxf6 14. Qc6+ Nd7 15. f5 Qc8 16. fxe6 fxe6 {1-0 (39) Sredojevic,I (2416)-Zivkovic,N (2131) Vrnjacka Banja 2009}) 10. Nc6 {[%emt 0:13:30]} Qc7 {[%emt 0:02:30]} 11. Nxb4 {[%emt 0:05:30]} d5 {[%emt 0:00:30]} 12. Nbxd5 {[%emt 0:05:30]} exd5 {[%emt 0:00:30]} 13. e5 {[%emt 0:00:00]} Bc5 {[%emt 0:04:30]} 14. Qd3 {[%emt 0:23:00]} Qa7 {[%emt 0:25:30]} 15. Rf3 {[%emt 0:14:10]} d4 {[%emt 0:09:30]} 16. exf6 {[%emt 0:02:45]} Nxf6 $11 {[%emt 0:03:30]} 17. Ne4 {[%emt 0:04:08]} dxe3 {[%emt 0:00:00]} 18. Rd1 {[%emt 0:01:45]} Bg4 {[%emt 0:03:00]} 19. Nxf6+ {[%emt 0:01:57]} gxf6 {[%emt 0:00:30]} 20. Qe4+ {[%emt 0:00:00]} Kf8 {[%emt 0:00:30]} 21. Kh1 {[%emt 0:00:37]} Bxf3 {[%emt 0:02:30]} 22. Bxf3 {[%emt 0:00:30]} Re8 {[%emt 0:07:30]} 23. Qf5 {[%emt 0:00:31]} e2 {[%emt 0:07:02]} 24. Bxe2 {[%emt 0:00:04]} Rxe2 {[%emt 0:00:00]} 25. Rd8+ {[%emt 0:00:30]} Ke7 0-1

[Event "1st Turkish League 2017"]
[Site "Konya"]
[Date "2017.07.23"]
[Round "9"]
[White "Baylav, Can"]
[Black "Yelligedik, Murat"]
[Result "0-1"]
[WhiteElo "2001"]
[BlackElo "2014"]
[Annotator "NA"]
[PlyCount "104"]
[EventType "team-tourn"]
[EventCountry "TUR"]
[SourceTitle "playchess.com"]
[Source "ChessBase"]
[SourceQuality "1"]
[TimeControl "5400+30"]

1. e4 {[%emt 0:00:30]} c5 {[%emt 0:01:00]} 2. Nf3 {[%emt 0:00:30]} Nc6 {[%emt 0:00:00]} 3. d4 {[%emt 0:01:30]} cxd4 {[%emt 0:00:00]} 4. Nxd4 {[%emt 0:00:30]} g6 {[%emt 0:00:00]} 5. Nc3 {[%emt 0:00:30]} Bg7 {[%emt 0:00:00]} 6. Be3 {[%emt 0:00:30]} Nf6 {[%emt 0:00:30]} 7. Be2 {[%emt 0:00:30]} O-O {[%emt 0:00:00]} 8. O-O {[%emt 0:00:30]} d5 {[%emt 0:00:00]} 9. exd5 {[%emt 0:07:30]} Nb4 {[%emt 0:02:30]} 10. d6 {[%emt 0:23:30]} Qxd6 {[%emt 0:28:30]} 11. Ndb5 {[%emt 0:05:30] B34: Sicilian: Accelerated Dragon with 5 Nc3: sidelines} (11. Ncb5 Qb8 12. c4 a6 13. Nc3 e5 14. Nf3 Bf5 15. Bb6 Nd7 16. Nh4 Be6 17. Be3 Rd8 18. Qc1 Qd6 19. Bh6 Nc5 20. Bxg7 Kxg7 {½-½ (86) Inkiov,V (2485)-Tregubov,P (2598) Cap d'Agde 2010}) 11... Qb8 {[%emt 0:05:30]} 12. Bc5 {[%emt 0:03:30]} Nc6 {[%emt 0:00:30]} 13. Bf3 {[%emt 0:03:30]} Nd7 {[%emt 0:02:30]} 14. Be3 {[%emt 0:04:30]} Rd8 $146 {[%emt 0:12:30]} ({Predecessor:} 14... Nde5 15. Be2 Be6 16. Qc1 Rd8 17. Rd1 a6 18. Na3 b5 {½-½ (65) Rong,M-Wu,X Beijing 1979}) 15. Qe2 {[%emt 0:04:30]} a6 {[%emt 0:01:30]} 16. Na3 {[%emt 0:00:30]} Nce5 {[%emt 0:01:30]} 17. Rad1 {[%emt 0:00:30]} Nxf3+ {[%emt 0:03:30]} 18. Qxf3 {[%emt 0:00:30]} b5 {[%emt 0:04:30]} 19. Nd5 {[%emt 0:03:30]} Re8 {[%emt 0:03:30]} 20. Bg5 {[%emt 0:11:30]} Bb7 {[%emt 0:01:30]} 21. Qb3 $17 {[%emt 0:04:30]} Bxd5 {[%emt 0:15:19]} 22. Rxd5 {[%emt 0:00:30]} Nb6 {[%emt 0:00:09]} 23. Rd3 {[%emt 0:00:30]} Na4 {[%emt 0:01:55]} 24. Rf3 {[%emt 0:01:30]} e6 {[%emt 0:00:37]} 25. c3 {[%emt 0:01:51]} Qe5 {[%emt 0:01:56]} 26. Bf4 {[%emt 0:01:20]} Qe2 {[%emt 0:01:35]} 27. Bc1 {[%emt 0:05:05]} Red8 {[%emt 0:05:25]} 28. Re3 {[%emt 0:02:07]} Qh5 {[%emt 0:00:22]} 29. Rh3 {[%emt 0:02:29]} Qf5 {[%emt 0:03:00]} 30. Rf3 {[%emt 0:03:47]} Qe5 {[%emt 0:00:03]} 31. Be3 {[%emt 0:00:46]} Rac8 {[%emt 0:02:58]} 32. Nc2 {[%emt 0:03:05]} Qd5 {[%emt 0:02:18]} 33. Qxd5 {[%emt 0:02:10]} Rxd5 {[%emt 0:00:30]} 34. Nb4 {[%emt 0:00:30]} Rd6 {[%emt 0:00:30]} 35. Bc1 {[%emt 0:00:30]} a5 {[%emt 0:00:08]} 36. Nd3 {[%emt 0:00:59]} Rcd8 {[%emt 0:00:41]} 37. Nf4 {[%emt 0:00:01]} Bh6 {[%emt 0:01:31]} 38. Nxe6 {[%emt 0:00:48]} Rxe6 {[%emt 0:00:29]} 39. Bxh6 {[%emt 0:00:34]} Nxb2 {[%emt 0:00:00]} 40. g3 {[%emt 0:00:18]} Nc4 {[%emt 0:00:55]} 41. Rb1 {[%emt 0:00:30]} Rd5 {[%emt 0:00:39]} 42. a4 {[%emt 0:00:12]} g5 {[%emt 0:00:00]} 43. h4 {[%emt 0:01:23]} Nd2 {[%emt 0:00:32]} 44. hxg5 {[%emt 0:00:39]} Nxf3+ {[%emt 0:00:39]} 45. Kg2 {[%emt 0:00:01]} Nxg5 {[%emt 0:00:32]} 46. Bxg5 {[%emt 0:00:30]} Rxg5 {[%emt 0:00:30]} 47. axb5 {[%emt 0:00:30]} Rb6 {[%emt 0:00:30]} 48. c4 {[%emt 0:00:30]} Rc5 {[%emt 0:00:00]} 49. Ra1 {[%emt 0:00:00]} Rxc4 {[%emt 0:00:00]} 50. Rxa5 {[%emt 0:00:28]} Rc5 {[%emt 0:00:00]} 51. Ra8+ {[%emt 0:00:00]} Kg7 {[%emt 0:00:00]} 52. Kh2 {[%emt 0:00:21]} Rbxb5 {[%emt 0:00:00]} 0-1

[Event "1st Turkish League 2017"]
[Site "Konya"]
[Date "2017.07.23"]
[Round "9"]
[White "Cakiroglu, Metin"]
[Black "Sari, Yasin"]
[Result "0-1"]
[WhiteElo "1993"]
[BlackElo "2195"]
[Annotator "NA"]
[PlyCount "86"]
[EventType "team-tourn"]
[EventCountry "TUR"]
[SourceTitle "playchess.com"]
[Source "ChessBase"]
[SourceQuality "1"]
[TimeControl "5400+30"]

1. Nf3 {[%emt 0:00:30]} c5 {[%emt 0:02:00]} 2. b3 {[%emt 0:00:00]} d5 {[%emt 0:00:30]} 3. Bb2 {[%emt 0:00:00]} f6 {[%emt 0:00:00]} 4. e4 {[%emt 0:12:30]} d4 {[%emt 0:22:00]} 5. e5 {[%emt 0:03:30]} Nc6 {[%emt 0:03:30]} 6. Bb5 {[%emt 0:03:30]} Bg4 {[%emt 0:04:30]} 7. h3 {[%emt 0:01:30]} Bh5 {[%emt 0:02:30]} 8. Qe2 {[%emt 0:00:30]} Qc7 {[%emt 0:01:30]} 9. g4 {[%emt 0:03:30]} Bg6 {[%emt 0:00:30]} 10. c3 {[%emt 0:06:30]} a6 {[%emt 0:04:30]} 11. Bc4 {[%emt 0:03:30]} fxe5 {[%emt 0:10:30]} 12. Ng5 {[%emt 0:03:30]} b5 {[%emt 0:04:30]} 13. Bd5 {[%emt 0:27:30]} Nf6 {[%emt 0:01:30]} 14. Bg2 {[%emt 0:02:30]} h6 {[%emt 0:11:30]} 15. Ne6 {[%emt 0:04:30]} Qd6 {[%emt 0:00:30]} 16. f4 {[%emt 0:00:30]} d3 {[%emt 0:08:30]} 17. Qe3 {[%emt 0:02:30]} Qxe6 {[%emt 0:02:37]} 18. f5 {[%emt 0:00:30]} Qd6 {[%emt 0:00:58]} 19. fxg6 {[%emt 0:00:00]} Rc8 {[%emt 0:01:08]} 20. O-O {[%emt 0:03:00]} e6 $11 {[%emt 0:01:26]} 21. Bxc6+ {[%emt 0:00:40]} Rxc6 {[%emt 0:01:29]} 22. c4 {[%emt 0:03:08]} b4 {[%emt 0:02:37]} 23. Bxe5 {[%emt 0:00:09]} Qd7 {[%emt 0:00:49]} 24. Rf3 {[%emt 0:00:29]} Bd6 {[%emt 0:01:49]} 25. Bb2 {[%emt 0:00:20]} O-O {[%emt 0:01:02]} 26. Qxd3 {[%emt 0:00:24]} e5 {[%emt 0:03:45]} 27. Qf5 {[%emt 0:05:45]} e4 {[%emt 0:02:24]} 28. Rf1 {[%emt 0:02:45]} Qc7 {[%emt 0:00:57]} 29. d4 {[%emt 0:02:13]} Bh2+ {[%emt 0:01:30]} 30. Kh1 {[%emt 0:00:09]} Qg3 {[%emt 0:00:23]} 31. Qf2 {[%emt 0:00:38]} Qxh3 {[%emt 0:00:32]} 32. Qg2 {[%emt 0:00:25]} Qxg2+ {[%emt 0:00:46]} 33. Kxg2 {[%emt 0:00:30]} Nxg4 {[%emt 0:00:30]} 34. Rxf8+ {[%emt 0:00:30]} Kxf8 {[%emt 0:00:00]} 35. Nd2 {[%emt 0:00:33]} e3 {[%emt 0:00:56]} 36. Rf1+ {[%emt 0:01:31]} Kg8 {[%emt 0:00:51]} 37. Nf3 {[%emt 0:02:11]} Bc7 {[%emt 0:00:19]} 38. Nh4 {[%emt 0:01:12]} Bd8 {[%emt 0:01:30]} 39. d5 {[%emt 0:00:29]} Rd6 {[%emt 0:00:50]} 40. Nf5 {[%emt 0:05:14]} Rxg6 {[%emt 0:00:55]} 41. d6 {[%emt 0:00:06]} e2 {[%emt 0:00:06]} 42. Re1 {[%emt 0:01:28]} Ne3+ {[%emt 0:00:30]} 43. Kf3 {[%emt 0:00:00]} Nxf5 {[%emt 0:00:00]} 0-1

[Event "1st Turkish League 2017"]
[Site "Konya"]
[Date "2017.07.23"]
[Round "9"]
[White "Soyek, Ramazan"]
[Black "Ozkan, Ervin"]
[Result "0-1"]
[WhiteElo "1986"]
[BlackElo "2206"]
[Annotator "NA"]
[PlyCount "102"]
[EventType "team-tourn"]
[EventCountry "TUR"]
[SourceTitle "playchess.com"]
[Source "ChessBase"]
[SourceQuality "1"]
[TimeControl "5400+30"]

1. e4 {[%emt 0:00:30]} e6 {[%emt 0:01:00]} 2. d4 {[%emt 0:00:00]} d5 {[%emt 0:00:30]} 3. e5 {[%emt 0:00:00]} c5 {[%emt 0:00:00]} 4. c3 {[%emt 0:00:00]} Qb6 {[%emt 0:00:00]} 5. Nf3 {[%emt 0:00:00] LiveBook: 1969 Games} Bd7 {[%emt 0:00:30]} 6. a3 {[%emt 0:17:30]} Bb5 {[%emt 0:03:30]} 7. Bxb5+ {[%emt 0:10:30]} Qxb5 {[%emt 0:00:30]} 8. b4 {[%emt 0:00:00] C02: French: Advance Variation} (8. a4 Qd7 9. dxc5 Bxc5 10. b4 Bb6 11. a5 Bc7 12. O-O Ne7 13. Bf4 Nbc6 14. Qe2 a6 15. Rd1 O-O {1-0 (41) Haba,P (2526)-Degraeve,J (2520) Germany 2007}) 8... b6 {[%emt 0:15:30]} 9. a4 {[%emt 0:12:00]} Qd7 {[%emt 0:00:30]} 10. bxc5 {[%emt 0:05:30]} bxc5 {[%emt 0:00:30]} 11. Ba3 {[%emt 0:00:30]} Nc6 $146 {[%emt 0:03:30]} ({Predecessor:} 11... Nh6 12. Nbd2 Be7 13. O-O O-O 14. Rb1 Rc8 15. Qb3 Nc6 {1-0 (32) Mazurkiewicz,M (2073)-Kozak,M Laczna 2002}) 12. O-O {[%emt 0:02:30]} cxd4 {[%emt 0:19:30]} 13. cxd4 {[%emt 0:12:30]} Bxa3 {[%emt 0:00:30]} 14. Rxa3 {[%emt 0:03:30]} Nge7 {[%emt 0:00:30]} 15. Nbd2 {[%emt 0:07:30]} Nf5 {[%emt 0:03:30]} 16. Nb3 {[%emt 0:04:30]} Qe7 {[%emt 0:02:30]} 17. Qa1 {[%emt 0:05:47]} O-O {[%emt 0:01:30]} 18. Rc1 {[%emt 0:00:19]} Rac8 {[%emt 0:05:30]} 19. Ra2 $15 {[%emt 0:14:02]} Nb4 {[%emt 0:10:30]} 20. Rd2 {[%emt 0:00:09]} Rc4 {[%emt 0:03:30]} 21. Na5 {[%emt 0:01:51]} Rc7 {[%emt 0:00:30]} 22. Rxc7 {[%emt 0:01:41]} Qxc7 {[%emt 0:00:30]} 23. Nb3 {[%emt 0:00:00]} Qc4 {[%emt 0:01:30]} 24. Qd1 {[%emt 0:00:34]} Nc6 {[%emt 0:02:30]} 25. Nc1 {[%emt 0:00:32]} Nb4 {[%emt 0:06:34]} 26. g4 {[%emt 0:00:25]} Rc8 {[%emt 0:00:49]} 27. Ne2 {[%emt 0:00:11]} Ne7 {[%emt 0:00:22]} 28. h4 {[%emt 0:00:11]} Na2 {[%emt 0:01:29]} 29. Kg2 {[%emt 0:00:34]} Nc3 {[%emt 0:01:42]} 30. Nxc3 {[%emt 0:00:30]} Qxc3 {[%emt 0:00:00]} 31. h5 {[%emt 0:00:00]} h6 {[%emt 0:00:11]} 32. Qb1 {[%emt 0:00:27]} g6 {[%emt 0:00:43]} 33. hxg6 {[%emt 0:01:46]} Nxg6 {[%emt 0:00:29]} 34. Kg3 {[%emt 0:00:03]} Kg7 {[%emt 0:01:30]} 35. Rd3 {[%emt 0:00:10]} Qc1 {[%emt 0:02:10]} 36. Qxc1 {[%emt 0:00:30]} Rxc1 {[%emt 0:00:00]} 37. Rb3 {[%emt 0:00:03]} Rc4 {[%emt 0:00:00]} 38. a5 {[%emt 0:00:33]} Ra4 {[%emt 0:00:29]} 39. Rb5 {[%emt 0:00:00]} Ra3 {[%emt 0:00:27]} 40. Rc5 {[%emt 0:00:22]} a6 {[%emt 0:00:26]} 41. Kg2 {[%emt 0:01:06]} Nf4+ {[%emt 0:02:14]} 42. Kg3 {[%emt 0:00:05]} Nd3 {[%emt 0:00:28]} 43. Rc6 {[%emt 0:01:41]} Ne1 {[%emt 0:00:30]} 44. Rxa6 {[%emt 0:00:00]} Rxf3+ {[%emt 0:00:20]} 45. Kh2 {[%emt 0:00:16]} Rxf2+ {[%emt 0:00:30]} 46. Kg1 {[%emt 0:00:00]} Rf4 {[%emt 0:00:00]} 47. Rb6 {[%emt 0:00:05]} Rxd4 {[%emt 0:00:01]} 48. a6 {[%emt 0:00:09]} Nf3+ {[%emt 0:00:24]} 49. Kf2 {[%emt 0:00:30]} Nxe5 {[%emt 0:00:00]} 50. Ke3 {[%emt 0:00:38]} Ra4 {[%emt 0:00:03]} 51. Ke2 {[%emt 0:00:28]} Rxg4 0-1